000 00719nam a2200169 a 4500
008 120416s1999 ||||||||||||||||| || u
020 _a0790611848
050 _aTJ 211.35 Wis
100 _aWise, Edwin
245 1 0 _aApplied robotics
260 _aIndianapolis, NJ:
_bPrompt Publications
_c1999.
300 _axiv, 311 p. : ill. + CD-ROM
350 _a0.00
650 _aROBOTICS
995 _aMAIN LIBRARY OPEN ACCESS
_D0.00
_e731483
_FCBU-MAIN LIBRARY (Kitwe)
_H1
_I0.00
_jTJ 211.35 Wis
_M1
_UAVAILABLE
_WJun 30, 2006
_y028612
_ZMain Library Open Access Collection
995 _aMAIN LIBRARY OPEN ACCESS
_D0.00
_e735563
_FCBU-MAIN LIBRARY (Kitwe)
_H2
_I0.00
_jTJ 211.35 Wis
_M2
_UAVAILABLE
_y48804
_ZMain Library Open Access Collection
999 _c84302
_d84302